| 000 | 00932naa a22002777a 4500 | ||
|---|---|---|---|
| 001 | BR7502422 | ||
| 003 | BR-BrBNA | ||
| 005 | 20250714141718.0 | ||
| 007 | ta | ||
| 008 | 250630b bl.|||m| |||| 00| 0 por d | ||
| 040 |
_aBR-BrBNA _bpor _cBiblioteca Nacional de Agricultura |
||
| 041 | _a(Pt) | ||
| 072 |
_aQ10 _b9820 |
||
| 090 | _aQ10 BR7502422 | ||
| 100 | 1 | _aHalgaard, C. | |
| 245 | 1 | _aGuia para o melhoramento da qualidade das conservas de pescado | |
| 500 | _aBoletim informativo Brasilia, DF (Brasil): 1975. p. 1-39 (BR7502422-AMS) | ||
| 650 | _aTecnologia de alimento | ||
| 650 | _aPeixe | ||
| 650 | _aConserva | ||
| 650 | _aEnlatado | ||
| 650 | _aControle de qualidade | ||
| 490 |
_aBoletim Informativo. Serie Traducoes - Departamento Nacional de Inspecao de Produtos de Origem Animal. Div. de Inspecao de Pescado e Derivados (Brazil) _vno. 1 |
||
| 942 |
_cAMS _2AGRIS |
||
| 909 |
_a202506 _bLúcia _c55 _dLúcia Elande |
||
| 999 |
_c332861 _d332861 |
||